Taking Action, Saving Lives : (Record no. 619180)

MARC details
000 -LEADER
fixed length control field 00493nam a2200193 a 4500
008 - FIXED-LENGTH DATA ELEMENTS--GENERAL INFORMATION
fixed length control field 260408s2007##################000#0#eng##
020 ## - INTERNATIONAL STANDARD BOOK NUMBER
ISBN 9780195325461
082 04 - DEWEY DECIMAL CLASSIFICATION NUMBER
Classification number 362.1SHR
100 1# - MAIN ENTRY--AUTHOR NAME
Personal name Shrader-Frechette, Kristin Sharon,
245 10 - TITLE STATEMENT
Title Taking Action, Saving Lives :
260 ## - PUBLICATION, DISTRIBUTION, ETC. (IMPRINT)
Year of publication 2007.
300 ## - PHYSICAL DESCRIPTION
Number of Pages 328 pages
650 #0 - SUBJECT ADDED ENTRY--TOPICAL TERM
Topical Term Medical.
942 ## - ADDED ENTRY ELEMENTS (KOHA)
Koha item type English Books
Holdings
Withdrawn status Lost status Damaged status Not for loan Home library Current library Shelving location Date acquired Full call number Accession Number Price effective from Koha item type
        Anna Centenary Library Anna Centenary Library 4TH FLOOR, A WING 08.04.2026 362.1SHR 153783 08.04.2026 English Books

Find us on the map